000 00880cam a22002175a 4500
001 L140467
008 070924s2009 xxk f 000 0 eng d
035 _a(Sirsi) u140467
041 0 _aeng
050 0 4 _a346.4104343 $2 18
110 2 _aUnited Kingdom
_bLand Registry
_94774
245 0 0 _aCommonhold
_h[electronic resource]
260 _aLand Registry
_b[s.l]
_c2009
490 0 _aLand Registry Practice Guide
_v60
520 _aGives advice on the procedure to give effect to the registration of freehold estates in commonhold land under Part one of the Commonhold and Leasehold Reform Act 2002.
650 2 4 _aCOMMONHOLD AND LEASEHOLD REFORM ACT 2002
651 4 _aEngland and Wales
_y1543-
690 _aPROPERTY-COMMONHOLD PROPERTY
856 4 8 _uhttps://www.landreg.gov.uk/upload/documents/lrpg060.pdf
_zView this item free of charge at www.landreg.gov.uk
942 _n0
999 _c107506
_d107506